ბათუმის შოთა რუსთაველის სახელმწიფო უნივერსიტეტის ბიბლიოთეკა

Физическая география материков и океанов (ბიბ.ჩანაწერი № 35302)

000 -LEADER
fixed length control field 00699nam a2200229Ia 4500
001 - CONTROL NUMBER
control field 1153
003 - CONTROL NUMBER IDENTIFIER
control field GE_BSU
008 - FIXED-LENGTH DATA ELEMENTS--GENERAL INFORMATION
fixed length control field 181216s||||||||xx |||||||||||||| ||und||
020 ## - INTERNATIONAL STANDARD BOOK NUMBER
International Standard Book Number 5060013545
040 ## - CATALOGING SOURCE
Transcribing agency GE_BSU
080 ## - UNIVERSAL DECIMAL CLASSIFICATION NUMBER
Universal Decimal Classification number 911.2(075.8)
245 ## - TITLE STATEMENT
Title Физическая география материков и океанов
245 ## - TITLE STATEMENT
Remainder of title Уч-к не для географич. спец.ун-тов
245 ## - TITLE STATEMENT
Statement of responsibility, etc. Под ред.А.М.Рябчикова
260 ## - PUBLICATION, DISTRIBUTION, ETC.
Place of publication, distribution, etc. Москва
260 ## - PUBLICATION, DISTRIBUTION, ETC.
Name of publisher, distributor, etc. Высшая школа
260 ## - PUBLICATION, DISTRIBUTION, ETC.
Date of publication, distribution, etc. 1988
300 ## - PHYSICAL DESCRIPTION
Extent 592стр.
653 ## - INDEX TERM--UNCONTROLLED
Uncontrolled term Физическая география материков и океанов
942 ## - ADDED ENTRY ELEMENTS (KOHA)
Koha item type წიგნი
ეგზემპლარები
Withdrawn status Lost status Damaged status Not for loan Date acquired Barcode Date last seen Price effective from Koha item type
        2018-12-17 1959 2018-12-17 2018-12-17 წიგნი